[Event "69. BEM 2015"]
[Site "Dortmund"]
[Date "2015.03.04"]
[Round "3.6"]
[White "Ewers, Christian"]
[Black "Blokisch, Till"]
[Result "0-1"]
[WhiteElo "1702"]
[BlackElo "1806"]
[PlyCount "76"]
[EventDate "2015.??.??"]
[WhiteTeam "SG Mengede"]
[BlackTeam "SF Brackel"]

1. e4 e5 2. Bc4 Nc6 3. Nc3 Nf6 4. d3 Na5 5. Bg5 Nxc4 6. dxc4 Be7 7. Bxf6 Bxf6
8. Nf3 d6 9. h3 g6 10. Qe2 c6 11. O-O-O Qc7 12. g4 h6 13. Rhg1 Be6 14. h4 O-O-O
15. g5 Bg7 16. Ne1 Qb6 17. Ng2 Qb4 18. Ne3 hxg5 19. hxg5 Rh5 20. a3 Qa5 21. Kb1
Bf8 22. Rg2 Be7 23. Nf5 Bf8 24. Ne3 Kb8 25. Rgg1 Be7 26. Nf5 Bf8 27. Ne3 a6 28.
Na2 Rd7 29. b4 Qd8 30. Nc3 Rxg5 31. Rxg5 Qxg5 32. b5 Qd8 33. Na2 Qa5 34. Rd3
axb5 35. Rb3 bxc4 36. Nxc4 Qa6 37. Rc3 Bg7 38. Nb4 Qb5 0-1

[Event "69. BEM 2015"]
[Site "Dortmund"]
[Date "2015.03.04"]
[Round "3.7"]
[White "Brockmann, Michael"]
[Black "Kropp, Andreas"]
[Result "1/2-1/2"]
[WhiteElo "2026"]
[BlackElo "1989"]
[Annotator "Schulenburg,Pit"]
[PlyCount "60"]
[EventDate "2015.??.??"]
[WhiteTeam "SV Eichlinghofen"]
[BlackTeam "SV Eichlinghofen"]

1. d4 Nf6 2. c4 c5 3. d5 e5 4. Nc3 d6 5. e4 g6 6. f3 Nh5 7. Nge2 Be7 8. g4 Bh4+
9. Kd2 Ng7 10. Kc2 f5 11. Bh6 O-O 12. gxf5 gxf5 13. Rg1 Rf7 $11 14. Bh3 Qf6 15.
Rxg7+ Rxg7 16. Bxg7 Kxg7 17. Qg1+ Kh8 18. Qg2 Na6 19. Rg1 Bd7 20. exf5 Bxf5+
21. Ne4 Bg6 22. Kb3 Qe7 23. a3 Nc7 24. N2c3 a6 25. Qg4 Rf8 26. Nxd6 Qxd6 27.
Qxh4 Rxf3 28. Be6 Nxe6 29. dxe6 Qxe6 30. Qd8+ Qg8 1/2-1/2

[Event "69. BEM 2015"]
[Site "Dortmund"]
[Date "2015.03.04"]
[Round "3.8"]
[White "Horenburg, Oliver"]
[Black "Völler, Lothar"]
[Result "1-0"]
[WhiteElo "1760"]
[BlackElo "1597"]
[PlyCount "43"]
[EventDate "2015.??.??"]
[WhiteTeam "SV Eichlinghofen"]
[BlackTeam "FS 1898 Dortmund"]

1. d4 f5 2. e4 fxe4 3. Nc3 Nf6 4. Bg5 g6 5. f3 Bg7 6. fxe4 O-O 7. Nf3 d6 8. Qd2
c5 9. Bc4+ Kh8 10. O-O-O a6 11. dxc5 b5 12. Bd5 Nxd5 13. Nxd5 Rf7 14. Bh6 Qf8
15. Bxg7+ Qxg7 16. Ng5 Rf8 17. Rhf1 Nc6 18. Nc7 Rxf1 19. Rxf1 Rb8 20. Rf7 Qd4
21. Rf8+ Kg7 22. Nge6+ 1-0

[Event "69. BEM 2015"]
[Site "Dortmund"]
[Date "2015.03.04"]
[Round "3.9"]
[White "Simon, Stefan"]
[Black "Simon, Thomas"]
[Result "1/2-1/2"]
[WhiteElo "1484"]
[BlackElo "1757"]
[Annotator "Schulenburg,Pit"]
[PlyCount "130"]
[EventDate "2015.??.??"]
[WhiteTeam "SVg Marten-Bövinghsn."]
[BlackTeam "SF Brackel"]

1. e4 c5 2. Nf3 Nc6 3. d4 cxd4 4. Nxd4 Nf6 5. Nc3 e5 6. Nb3 Bb4 7. Bg5 Bxc3+ 8.
bxc3 h6 9. Bxf6 Qxf6 10. Be2 O-O 11. O-O d6 12. Nd2 Be6 13. Bc4 Rfd8 14. Rb1
Na5 15. Rb4 Rac8 16. Bxe6 Qxe6 17. c4 b6 18. Qe2 Rc7 19. Qd3 Rdc8 20. Rd1 Nxc4
21. Nxc4 Rxc4 22. Rxc4 Rxc4 23. Qa3 Rxc2 24. Qxa7 Qxa2 25. Qb8+ Kh7 26. Qxb6
Rd2 27. Rf1 Qc4 28. Qe3 Re2 29. Qb6 Qxe4 30. Qxd6 Re1 31. g3 Re2 32. Qd7 Qf3
33. Qb5 h5 34. Qb1+ g6 35. h4 e4 36. Qb7 Qf6 37. Qb5 Qf3 38. Qd5 Kg7 39. Qd4+
Qf6 40. Qc4 Qb2 41. Qd5 Qc3 42. Qb7 Qe5 43. Qa6 Rd2 44. Re1 Qd4 45. Qa1 Qxa1
46. Rxa1 Kf6 47. Ra5 Ke6 48. Kf1 Rd5 49. Ra6+ Kf5 50. Ke2 Rb5 51. Ra7 f6 52.
Re7 Rb2+ 53. Ke3 Rb3+ 54. Ke2 Rf3 55. Ra7 Kg4 56. Rg7 g5 57. hxg5 fxg5 58. Re7
e3 59. Rxe3 (59. Re4+ $1 Kf5 $1 60. Kxf3 $1 exf2 $1 61. Rf4+ $1 gxf4 62. Kxf2
$11) 59... Rxe3+ 60. Kxe3 h4 61. gxh4 gxh4 62. f4 h3 63. Kf2 Kxf4 64. Kg1 Kg3
65. Kh1 h2 1/2-1/2

[Event "69. BEM 2015"]
[Site "Dortmund"]
[Date "2015.03.04"]
[Round "3.10"]
[White "Schütz, Ralf"]
[Black "Zabel, Reinhard"]
[Result "1/2-1/2"]
[WhiteElo "1739"]
[BlackElo "1461"]
[PlyCount "61"]
[EventDate "2015.??.??"]
[WhiteTeam "61515/FS 1898 Dortmund"]
[BlackTeam "Doppelbauer Brambauer"]

1. e4 e5 2. Bc4 Nf6 3. d3 Nc6 4. Bg5 Be7 5. Nc3 Na5 6. Qd2 Nxc4 7. dxc4 b6 8.
O-O-O Bb7 9. f3 d6 10. h4 Qd7 11. Nd5 Nxd5 12. cxd5 O-O-O 13. Kb1 Bxg5 14. Qxg5
f6 15. Qe3 Ba6 16. g4 g6 17. b3 Kb8 18. Nh3 Qf7 19. Rh2 h5 20. g5 f5 21. c4
Rhf8 22. Rf2 Bc8 23. f4 Qe7 24. fxe5 dxe5 25. Ng1 f4 26. Qc3 Bg4 27. Rd3 Qd6
28. Rfd2 a5 29. Nf3 Rfe8 30. Ne1 Qc5 31. Nf3 1/2-1/2

[Event "69. BEM 2015"]
[Site "Dortmund"]
[Date "2015.03.04"]
[Round "3.11"]
[White "Gegner, Michael"]
[Black "Cogan, Leonid"]
[Result "0-1"]
[WhiteElo "1478"]
[BlackElo "1710"]
[PlyCount "66"]
[EventDate "2015.??.??"]
[WhiteTeam "Dortmunder SV"]
[BlackTeam "SU Huck.-Westerfilde"]

1. d4 Nf6 2. Nc3 d5 3. e4 e6 4. e5 Nfd7 5. Nce2 c5 6. c3 Nc6 7. f4 Be7 8. Nf3
O-O 9. g4 cxd4 10. cxd4 Qc7 11. g5 Nb4 12. Nc3 Nb6 13. a3 Nc6 14. Bd3 Bd7 15.
h4 g6 16. h5 Kg7 17. Qe2 Na5 18. Qh2 Rh8 19. h6+ Kf8 20. Qf2 Nb3 21. Rb1 Rc8
22. Be3 Bxa3 23. Nb5 Bb4+ 24. Kf1 Bxb5 25. Bxb5 a6 26. Bd3 Nc4 27. Nh2 Nxe3+
28. Qxe3 Nd2+ 29. Kg2 Nxb1 30. Bxb1 Qa5 31. Ng4 Bd2 32. Qb3 Qb4 33. Qd3 Bxf4
0-1

[Event "69. BEM 2015"]
[Site "Dortmund"]
[Date "2015.03.04"]
[Round "3.12"]
[White "Howorka, Roland"]
[Black "Rahner, Norbert"]
[Result "0-1"]
[WhiteElo "1443"]
[BlackElo "1681"]
[PlyCount "90"]
[EventDate "2015.??.??"]
[WhiteTeam "FS 1898 Dortmund"]
[BlackTeam "SG Mengede"]

1. d4 Nf6 2. c4 e6 3. Nc3 d5 4. e3 Be7 5. Nge2 a6 6. Ng3 O-O 7. Bd2 Nbd7 8.
cxd5 exd5 9. Be2 c5 10. Nf5 cxd4 11. Nxd4 Ne5 12. h3 Bd7 13. a3 Qb6 14. b4 Rac8
15. O-O Nc4 16. Bxc4 Rxc4 17. Qb3 Rfc8 18. Rfc1 Qd6 19. b5 Ne4 20. Nxe4 Rxc1+
21. Rxc1 Rxc1+ 22. Bxc1 dxe4 23. bxa6 Qxa6 24. Qc2 Qa5 25. Bd2 Qxa3 26. Qxe4
Bd6 27. Qc2 Qa1+ 28. Qc1 Qa2 29. Bc3 Kf8 30. Qb2 Qxb2 31. Bxb2 Ke7 32. Kf1 g6
33. Ke2 Bc5 34. Kd3 b5 35. Nb3 Bb4 36. Bd4 Kd6 37. e4 Be6 38. Nd2 f5 39. exf5
Bxf5+ 40. Ke3 Kd5 41. g4 Bxd2+ 42. Kxd2 Kxd4 43. gxf5 gxf5 44. f3 h5 45. h4 f4
0-1

[Event "69. BEM 2015"]
[Site "Dortmund"]
[Date "2015.03.04"]
[Round "3.13"]
[White "Ziemek, Gerhard"]
[Black "Benke, Werner"]
[Result "1/2-1/2"]
[WhiteElo "1627"]
[BlackElo "1427"]
[Annotator "Schulenburg,Pit"]
[PlyCount "117"]
[EventDate "2015.??.??"]
[WhiteTeam "SVg Marten-Bövinghsn."]
[BlackTeam "SC Hansa Dortmund"]

1. d4 d5 2. Nc3 Nf6 3. f3 e6 4. Bg5 Be7 5. e3 O-O 6. Bd3 Nbd7 7. Nge2 c5 8. Ng3
h6 9. Bf4 b6 10. O-O Bb7 11. b3 Rc8 12. Nb5 a6 13. Nd6 Bxd6 14. Bxd6 Re8 15. e4
dxe4 16. fxe4 cxd4 17. e5 Nh7 18. Qe2 Nc5 19. Bxc5 Rxc5 20. Rae1 Qc7 21. Qf2
Qd7 22. Re2 Re7 23. Qf4 Qd8 24. Nh5 Rec7 25. Qg3 Qg5 26. Qh3 Rxe5 27. Rxe5 Qxe5
28. Nf4 Nf6 29. Qg3 Rc5 30. Re1 Qg5 31. Qf2 e5 32. Nh3 Qh5 33. Qg3 Qg4 34. Qxg4
Nxg4 35. Nf2 Ne3 36. c4 Nxg2 37. Rc1 a5 38. Be4 Nf4 39. Rd1 Bc8 40. Re1 Be6 41.
a3 f6 42. Bf3 Kf7 43. Ne4 Rc7 44. Rc1 Nh3+ 45. Kf1 Ng5 46. Nd6+ Ke7 47. Nb5 Rc5
48. Bg2 a4 49. h4 Nf7 50. bxa4 Bxc4+ 51. Kf2 Nd6 52. Na7 Rc7 53. Nc6+ Kd7 54.
Nb4 Be6 55. Rb1 Rc3 56. Bf1 Rxa3 57. Rc1 Rc3 58. Rb1 Kc7 59. Bg2 {und die
Partie endete nach einigen unerlaubterweise beidseits nicht mehr notierten
Zügen remis!} 1/2-1/2

[Event "69. BEM 2015"]
[Site "Dortmund"]
[Date "2015.03.04"]
[Round "3.14"]
[White "Grawe, Herbert"]
[Black "Potyrala, Lukasz-R"]
[Result "0-1"]
[WhiteElo "1339"]
[BlackElo "1625"]
[PlyCount "56"]
[EventDate "2015.??.??"]
[WhiteTeam "Dortmunder SV"]
[BlackTeam "61603/FS 1898 Dortmund"]

1. d4 e6 2. e4 d5 3. Nc3 c5 4. Be3 cxd4 5. Bxd4 Nc6 6. Be3 d4 7. Nb5 dxe3 8.
Qxd8+ Kxd8 9. Rd1+ Bd7 10. fxe3 a6 11. Nd4 Kc7 12. c3 Nf6 13. Bd3 e5 14. Nc2
Be6 15. b3 g6 16. h3 Nd7 17. Nf3 Be7 18. O-O Nc5 19. Nb4 Nxb4 20. cxb4 Nxd3 21.
Rxd3 f6 22. Rc3+ Kb6 23. Nd2 Rhd8 24. Nc4+ Bxc4 25. Rxc4 Rd2 26. a4 Rad8 27.
a5+ Kb5 28. Rxf6 Bxf6 0-1

[Event "69. BEM 2015"]
[Site "Dortmund"]
[Date "2015.03.04"]
[Round "3.15"]
[White "Rauschenbusch, U."]
[Black "Pachura, Karl-Heinz"]
[Result "1-0"]
[WhiteElo "1618"]
[BlackElo "1353"]
[PlyCount "77"]
[EventDate "2015.??.??"]
[WhiteTeam "FS 1898 Dortmund"]
[BlackTeam "SF Brackel"]

1. Na3 Nh6 2. Nh3 Na6 3. Ng5 Nb4 4. Nb5 Ng4 5. Nd4 Ne5 6. Ne4 Nd5 7. Nf3 Nc6 8.
Nc3 Nf6 9. Nb1 Ng8 10. Ng1 Nb8 11. f4 Nf6 12. Nf3 g6 13. g3 Bg7 14. Bg2 c6 15.
O-O d6 16. d4 d5 17. Nbd2 Ne4 18. c3 f5 19. Ne5 O-O 20. Qb3 Nd7 21. Nxe4 Nxe5
22. fxe5 fxe4 23. Rxf8+ Qxf8 24. Bxe4 a5 25. Bg2 e6 26. Bd2 Qd8 27. Rf1 b6 28.
h4 Ba6 29. Bg5 Qc7 30. Bh3 Re8 31. Rf2 c5 32. e3 b5 33. a3 h6 34. Bf4 Qc6 35.
Qc2 Kh7 36. h5 cxd4 37. Qxg6+ Kh8 38. Bxh6 Qd7 39. Rf7 1-0

[Event "69. BEM 2015"]
[Site "Dortmund"]
[Date "2015.03.04"]
[Round "3.16"]
[White "Schleuß, Jürgen"]
[Black "Kartsev, Nikolaj"]
[Result "0-1"]
[WhiteElo "1253"]
[BlackElo "1616"]
[Annotator "Schulenburg,Pit"]
[PlyCount "110"]
[EventDate "2015.??.??"]
[WhiteTeam "Dortmunder SV"]
[BlackTeam "SF Brackel"]

1. e4 c5 2. Nf3 d6 3. c3 Nf6 4. d3 Nc6 5. d4 cxd4 6. cxd4 Nxe4 7. d5 Qa5+ 8.
Bd2 Qxd5 9. b3 Nd4 10. Bc4 Nxf3+ 11. Qxf3 Qf5 12. Qxf5 Bxf5 13. Be3 g6 14. Bd4
e5 15. Bb2 Rd8 16. Bb5+ Bd7 17. Bd3 Nc5 18. Be2 Bg7 19. Nd2 O-O 20. Ba3 Rc8 21.
O-O Rfd8 22. Rac1 Bh6 23. Rfd1 Bxd2 24. Rxd2 Ne4 25. Rdc2 Rxc2 26. Rxc2 Bc6 27.
f3 Ng5 28. Rd2 d5 29. Be7 {(=)} Ne6 30. Bxd8 Nxd8 31. b4 d4 32. Bd3 Ne6 33. Rf2
{(=)} f5 34. Bc4 Kf7 35. Re2 Kf6 36. Rf2 a6 37. Be2 Bd5 38. a3 Nf4 39. Bf1 b5
40. g3 Ne6 41. h4 Bc4 42. Bg2 d3 43. Rd2 Nd4 44. Kf2 Nb3 45. Rd1 Ke6 46. Bf1 e4
47. Ke3 Ke5 48. f4+ Kd5 49. Rb1 Nd4 50. Rd1 Nc2+ 51. Kd2 Kd4 52. Kc1 Kc3 53.
Rd2 e3 54. Rxc2+ dxc2 55. Bg2 e2 0-1

[Event "69. BEM 2015"]
[Site "Dortmund"]
[Date "2015.03.04"]
[Round "3.17"]
[White "Raskin, Vitali"]
[Black "Wilkins, Petra"]
[Result "1-0"]
[WhiteElo "1610"]
[BlackElo "1041"]
[PlyCount "105"]
[EventDate "2015.??.??"]
[WhiteTeam "FS 1898 Dortmund"]
[BlackTeam "SC Hansa Dortmund"]

1. e4 d6 2. d4 Nf6 3. Nc3 g6 4. g3 Bg7 5. Bg2 O-O 6. Nf3 c6 7. O-O b5 8. a3 Ba6
9. b4 Nbd7 10. Bb2 Nb6 11. Nd2 Rc8 12. Re1 Nfd7 13. Ne2 e5 14. c3 Bb7 15. Qb3
Kh8 16. Rad1 Na4 17. Ba1 Qg5 18. Nf3 Qe7 19. c4 a6 20. c5 Qe6 21. Qxe6 fxe6 22.
cxd6 Nab6 23. Nxe5 Rf6 24. Nxd7 Nxd7 25. e5 Rf5 26. Bh3 Rf3 27. Bxe6 Rd8 28.
Nc3 Bc8 29. Bg4 Rff8 30. Ne4 h6 31. e6 Rg8 32. exd7 Bxd7 33. Bxd7 Rxd7 34. d5
cxd5 35. Bxg7+ Rgxg7 36. Rxd5 Rgf7 37. Nc5 Ra7 38. d7 Raxd7 39. Rxd7 Rxd7 40.
Nxd7 Kg7 41. Re7+ Kg8 42. Nf6+ Kf8 43. Ra7 h5 44. Nd5 Ke8 45. Kg2 Kd8 46. Kf3
g5 47. Ke4 Kc8 48. Rxa6 Kd7 49. Ke5 Ke8 50. Ke6 Kf8 51. Ra7 g4 52. Nf6 h4 53.
Rf7# 1-0

[Event "69. BEM 2015"]
[Site "Dortmund"]
[Date "2015.03.04"]
[Round "3.18"]
[White "Vogt, Christian"]
[Black "Böckmann, Lieselotte"]
[Result "1-0"]
[WhiteElo "1524"]
[BlackElo "1083"]
[PlyCount "95"]
[EventDate "2015.??.??"]
[WhiteTeam "SC Hansa Dortmund"]
[BlackTeam "FS 1898 Dortmund"]

1. d4 e6 2. c4 Be7 3. Nc3 Nf6 4. Bg5 h6 5. Bh4 O-O 6. e3 c6 7. Bd3 d5 8. Nf3
dxc4 9. Bxc4 b5 10. Bd3 Ba6 11. Qe2 Qa5 12. O-O b4 13. Bxf6 Bxd3 14. Qxd3 Bxf6
15. Ne4 Be7 16. Rfc1 Qb5 17. Qxb5 cxb5 18. Rc7 Bf6 19. Nxf6+ gxf6 20. Rb7 Rc8
21. Rxb5 a5 22. Ne1 Nd7 23. Rb7 Nf8 24. Kf1 f5 25. Ke2 Kg7 26. Kd2 Kf6 27. Rc1
Rxc1 28. Kxc1 Rc8+ 29. Kd2 Ng6 30. Nf3 Rd8 31. Kc2 Ne7 32. Ne5 Rc8+ 33. Kd2 Re8
34. Ra7 Nd5 35. Rxf7+ Kg5 36. g3 Nf6 37. Rg7+ Kh5 38. f3 Rg8 39. Rxg8 Nxg8 40.
Nc6 Nf6 41. Nxa5 Nd5 42. Nc6 Kg5 43. e4 fxe4 44. fxe4 Nf6 45. Nxb4 Nxe4+ 46.
Ke3 Kf5 47. g4+ Kxg4 48. Kxe4 1-0

[Event "69. BEM 2015"]
[Site "Dortmund"]
[Date "2015.03.05"]
[Round "3.19"]
[White "Kesselmeier, Klaus"]
[Black "Kawka, Bogdan"]
[Result "0-1"]
[WhiteElo "1404"]
[BlackElo "1272"]
[PlyCount "60"]
[EventDate "2015.??.??"]
[WhiteTeam "SF Brackel"]
[BlackTeam "FS 1898 Dortmund"]

1. e4 e5 2. Nf3 Nc6 3. Bb5 a6 4. Ba4 b5 5. Bb3 Nh6 6. h3 Na5 7. c3 Nxb3 8. axb3
c5 9. d4 cxd4 10. cxd4 Bb4+ 11. Nc3 exd4 12. Qxd4 Bxc3+ 13. bxc3 O-O 14. Bxh6
gxh6 15. O-O Qe7 16. Qe3 Qf6 17. e5 Qg6 18. Nd4 Re8 19. f4 Bb7 20. Nf3 f5 21.
Rf2 Re7 22. Rd1 Bc6 23. Rd6 Re6 24. Nh4 Qf7 25. b4 Rae8 26. Qg3+ Kh8 27. Qe3
Rxd6 28. Qc5 Rd3 29. e6 Qxe6 30. Nxf5 Rd5 0-1

[Event "69. BEM 2015"]
[Site "Dortmund"]
[Date "2015.03.04"]
[Round "3.20"]
[White "Bensch, Christian"]
[Black "Jentzsch, Wern. Wilfr"]
[Result "0-1"]
[WhiteElo "1160"]
[BlackElo "1318"]
[PlyCount "62"]
[EventDate "2015.??.??"]
[WhiteTeam "SC Wambel"]
[BlackTeam "SF Brackel"]

1. e4 c5 2. Nf3 Nc6 3. d4 cxd4 4. Nxd4 e5 5. Nxc6 bxc6 6. Nc3 Bc5 7. Bc4 Nf6 8.
Qf3 O-O 9. Bg5 Be7 10. O-O-O Qb6 11. Be3 Bc5 12. Na4 Bxe3+ 13. Qxe3 Qxe3+ 14.
fxe3 Nxe4 15. Rhf1 d6 16. Bd3 Nf6 17. h3 e4 18. Be2 Nd5 19. Rd4 Nxe3 20. Rf2 d5
21. Nc5 Nf5 22. Rd1 a5 23. Bg4 Ne3 24. Bxc8 Nxd1 25. Rxf7 Rxf7 26. Be6 Ne3 27.
g4 Kf8 28. Kd2 Nc4+ 29. Kc3 Rf3+ 30. Kd4 e3 31. g5 e2 0-1

[Event "69. BEM 2015"]
[Site "Dortmund"]
[Date "2015.03.04"]
[Round "3.21"]
[White "Haufe, Ulrich"]
[Black "Dirks, Rainer"]
[Result "1-0"]
[WhiteElo "1292"]
[BlackElo "1150"]
[PlyCount "89"]
[EventDate "2015.??.??"]
[WhiteTeam "SU Huck.-Westerfilde"]
[BlackTeam "FS 1898 Dortmund"]

1. e4 e5 2. f4 exf4 3. Nf3 Nf6 4. Nc3 Bb4 5. a3 Bxc3 6. bxc3 O-O 7. d3 d5 8. e5
Re8 9. Bxf4 Nc6 10. d4 Bg4 11. Be2 Ne4 12. Qd3 Na5 13. Nd2 Bxe2 14. Kxe2 c5 15.
Nxe4 dxe4 16. Qxe4 Rc8 17. d5 c4 18. Rad1 Qh4 19. Qf3 f6 20. e6 g5 21. Bg3 Qh6
22. Rd4 Qg6 23. Rc1 f5 24. h3 h5 25. Bh2 Qh6 26. Qe3 Nc6 27. Rxc4 b5 28. Rc5
Na5 29. Rf1 f4 30. Qd4 Qg7 31. Bg1 Rxc5 32. Qxg7+ Kxg7 33. Bxc5 Nc4 34. Rf3 Rc8
35. Bd4+ Kg6 36. Rd3 Nxa3 37. d6 Nxc2 38. d7 Nxd4+ 39. Rxd4 Rxc3 40. d8=Q Re3+
41. Kf2 g4 42. Qg8+ Kf6 43. Qf7+ Ke5 44. Rxf4 g3+ 45. Kxe3 1-0

[Event "69. BEM 2015"]
[Site "Dortmund"]
[Date "2015.03.04"]
[Round "3.22"]
[White "Schmidt, Andreas"]
[Black "Schlettig, Achim"]
[Result "0-1"]
[WhiteElo "1026"]
[BlackElo "1206"]
[PlyCount "124"]
[EventDate "2015.??.??"]
[WhiteTeam "FS 1898 Dortmund"]
[BlackTeam "FS 1898 Dortmund"]

1. e4 e5 2. d4 exd4 3. c3 dxc3 4. Bc4 cxb2 5. Bxb2 Nc6 6. Nf3 d6 7. h3 Nf6 8.
Ng5 Be6 9. Nxe6 fxe6 10. Bxe6 Qe7 11. Qb3 Nd8 12. Bf5 Nxe4 13. Qa4+ c6 14. Qxe4
Qxe4+ 15. Bxe4 Ne6 16. Bf5 Nc5 17. O-O Rg8 18. Nd2 g6 19. Rfe1+ Kd8 20. Bf6+
Kc7 21. Be6 Nxe6 22. Rxe6 c5 23. Bc3 Kd7 24. Re4 Bg7 25. Bxg7 Rxg7 26. Rd1 Kc7
27. Rde1 Rd7 28. Re7 Rad8 29. Nf3 h6 30. g4 c4 31. Nd4 Kb6 32. Rxd7 Rxd7 33.
Re6 c3 34. Rxg6 Kc5 35. Nc2 d5 36. g5 hxg5 37. Rxg5 Kc4 38. Ne3+ Kc5 39. h4 b5
40. h5 b4 41. h6 a5 42. h7 Rxh7 43. Rxd5+ Kb6 44. Rd1 Rh5 45. Nc2 Kb5 46. Rb1
Rd5 47. a3 Rd2 48. Ne1 Rb2 49. Rc1 Kc4 50. axb4 axb4 51. f4 b3 52. f5 Ra2 53.
f6 b2 54. Rb1 Ra1 55. f7 Rxb1 56. f8=Q Rxe1+ 57. Kf2 b1=Q 58. Qf7+ Kd3 59. Qf5+
Kd4 60. Qf6+ Re5 61. Qd6+ Ke4 62. Qg6+ Rf5+ 0-1

[Event "69. BEM 2015"]
[Site "Dortmund"]
[Date "2015.03.04"]
[Round "3.23"]
[White "Pennekamp, Christ"]
[Black "Sobottka, H.-Gerald"]
[Result "1-0"]
[WhiteElo "1194"]
[BlackElo "989"]
[Annotator "Schulenburg,Pit"]
[PlyCount "135"]
[EventDate "2015.??.??"]
[WhiteTeam "SC Hansa Dortmund"]
[BlackTeam "Dortmunder SV"]

1. d4 c5 2. d5 d6 3. c4 e5 4. Nc3 Be7 5. e3 Nf6 6. Bd3 O-O 7. Nge2 Ng4 8. O-O
Nd7 9. Ng3 Ndf6 10. Bf5 Bxf5 11. Nxf5 g6 12. Nxe7+ Qxe7 13. f3 Nh6 14. e4 Kg7
15. Bg5 Nhg8 16. a4 a6 17. Qd2 Rab8 {(=)} 18. Ne2 b5 19. axb5 axb5 20. b3 b4
21. Ra6 Ra8 22. Rfa1 Rxa6 23. Rxa6 Qb7 24. Qa2 Qd7 25. Qa5 Nxe4 26. Be3 Nef6
27. Ng3 Re8 28. Qb6 e4 29. Bf4 exf3 30. gxf3 Re1+ 31. Kf2 Rb1 32. Qxd6 Qxd6 33.
Bxd6 Rxb3 34. Bxc5 Ra3 35. Rxa3 bxa3 36. Bxa3 Ne8 37. Ne4 Nc7 38. Ke3 f5 39. d6
Ne6 40. Nc3 Nf6 41. c5 Nd8 42. Kd4 Kf7 43. Nd5 Nc6+ 44. Kc4 Nd7 45. Nb6 Ke6 46.
Nxd7 Kxd7 47. Kd3 h5 48. Ke3 g5 49. h3 g4 50. fxg4 fxg4 51. hxg4 hxg4 52. Kf4
g3 53. Kxg3 Nd8 54. Kf4 Nc6 55. Ke4 Nd8 56. Bb4 Nc6 57. Bc3 Nd8 58. Ba5 Nc6 59.
Bb6 Nd8 60. Bxd8 Kxd8 61. Kd5 Kd7 62. c6+ Kd8 63. Ke6 Kc8 64. Ke7 Kb8 65. d7
Kc7 66. d8=Q+ Kxc6 67. Qd7+ Kc5 68. Ke6 1-0

[Event "69. BEM 2015"]
[Site "Dortmund"]
[Date "2015.03.04"]
[Round "3.24"]
[White "Reker, Gerhard"]
[Black "Wangrin, Stefan A"]
[Result "0-1"]
[WhiteElo "874"]
[BlackElo "1169"]
[PlyCount "46"]
[EventDate "2015.??.??"]
[WhiteTeam "FS 1898 Dortmund"]
[BlackTeam "FS 1898 Dortmund"]

1. e4 c5 2. Nc3 e6 3. d3 Nc6 4. Nf3 Nd4 5. Nxd4 cxd4 6. Nb5 Qa5+ 7. Nc3 dxc3 8.
bxc3 Qxc3+ 9. Bd2 Qd4 10. Be2 Bc5 11. O-O Bd6 12. h3 Qe5 13. g3 Bc5 14. Bf4 Qf6
15. Qd2 Qg6 16. Be3 Bxe3 17. Qxe3 Qh6 18. Qxh6 Nxh6 19. h4 f5 20. exf5 Nxf5 21.
c4 b6 22. Rad1 Nd4 23. f4 Nxe2+ 0-1

[Event "69. BEM 2015"]
[Site "Dortmund"]
[Date "2015.03.09"]
[Round "4.1"]
[White "Henrichs, Thomas"]
[Black "Begna, Bozidar"]
[Result "1-0"]
[WhiteElo "2448"]
[BlackElo "1898"]
[PlyCount "57"]
[EventDate "2015.??.??"]
[WhiteTeam "SC Hansa Dortmund"]
[BlackTeam "SC Hansa Dortmund"]

1. d4 Nf6 2. c4 e6 3. Nf3 Bb4+ 4. Nbd2 c5 5. a3 Bxd2+ 6. Qxd2 d6 7. dxc5 dxc5
8. Qg5 Nbd7 9. Qxg7 Rg8 10. Qh6 Rg6 11. Qd2 Ne4 12. Qd3 f5 13. g3 b6 14. Bg2
Bb7 15. Bf4 Qf6 16. Rd1 Bc6 17. Qc2 e5 18. Rxd7 exf4 19. Rxh7 Rh6 20. Rxh6 Qxh6
21. Qc1 Nd6 22. Nh4 Bxg2 23. Nxg2 Qe6 24. Qxf4 Nxc4 25. b3 Ne5 26. Ne3 Rd8 27.
Qxf5 Rd1+ 28. Kxd1 Qxb3+ 29. Ke1 1-0

[Event "69. BEM 2015"]
[Site "Dortmund"]
[Date "2015.03.09"]
[Round "4.2"]
[White "Blokisch, Till"]
[Black "Zelt, Jens"]
[Result "1/2-1/2"]
[WhiteElo "1806"]
[BlackElo "2004"]
[PlyCount "57"]
[EventDate "2015.??.??"]
[WhiteTeam "SF Brackel"]
[BlackTeam "SC Hansa Dortmund"]

1. e4 c5 2. c4 d6 3. Ne2 Nc6 4. d4 cxd4 5. Nxd4 Bd7 6. Nc3 Nf6 7. Be2 e6 8. Be3
Be7 9. O-O O-O 10. Qd2 a6 11. Rac1 Nxd4 12. Bxd4 Bc6 13. f3 Ne8 14. Rfd1 Bf6
15. Kh1 Bxd4 16. Qxd4 Qg5 17. b4 b5 18. Qb6 Bd7 19. cxb5 axb5 20. Rc2 Rc8 21.
Rdc1 d5 22. Bxb5 Bxb5 23. Qxb5 Nd6 24. Qd3 Nc4 25. exd5 Na3 26. Rd2 Nc4 27.
Rdc2 Na3 28. Rd2 Nc4 29. Rdc2 1/2-1/2

[Event "69. BEM 2015"]
[Site "Dortmund"]
[Date "2015.03.09"]
[Round "4.3"]
[White "Fork, Raphael"]
[Black "Hillebrand, Carsten"]
[Result "1/2-1/2"]
[WhiteElo "1844"]
[BlackElo "1853"]
[PlyCount "44"]
[EventDate "2015.??.??"]
[WhiteTeam "Matt Inn"]
[BlackTeam "FS 1898 Dortmund"]

1. e4 c5 2. Nf3 Nc6 3. Bb5 g6 4. Bxc6 dxc6 5. h3 Bg7 6. O-O e5 7. d3 Qe7 8. Nc3
b6 9. a4 a5 10. Nh2 Nf6 11. Be3 O-O 12. Qc1 Nh5 13. Ne2 Be6 14. g4 Nf6 15. Bg5
Qd7 16. f4 exf4 17. Rxf4 Ne8 18. Rf2 f6 19. Be3 Nd6 20. Nf4 Rab8 21. Nxe6 Qxe6
22. Bf4 Rbe8 1/2-1/2

[Event "69. BEM 2015"]
[Site "Dortmund"]
[Date "2015.03.09"]
[Round "4.4"]
[White "Ries, Benjamin"]
[Black "Grube, Jörg"]
[Result "1-0"]
[WhiteElo "2005"]
[BlackElo "1902"]
[Annotator "Schulenburg,Pit"]
[PlyCount "63"]
[EventDate "2015.??.??"]
[WhiteTeam "SF Brackel"]
[BlackTeam "FS 1898 Dortmund"]

1. d4 Nf6 2. c4 c5 3. d5 d6 4. Nc3 e6 5. e4 exd5 6. cxd5 g6 7. Bg5 h6 8. Be3
Bg7 9. h3 h5 10. Bd3 O-O 11. Nf3 b5 12. e5 dxe5 13. Bxb5 Nbd7 14. O-O Rb8 15.
Qe2 Qa5 16. Rfd1 Bb7 17. Nd2 Rfc8 18. Nc4 Qd8 19. Nd6 Rc7 20. Bg5 Qf8 21. Nxb7
Rcxb7 22. b3 Nh7 23. Bd2 Nhf6 24. Bc6 Rb4 25. Na4 Rd4 26. Be3 Rxd1+ 27. Rxd1
Qd6 28. Qa6 e4 29. Qxa7 Rc8 30. Rd2 Bf8 31. Qa6 Qe5 $4 32. Qxc8 1-0

[Event "69. BEM 2015"]
[Site "Dortmund"]
[Date "2015.03.09"]
[Round "4.5"]
[White "Kropp, Andreas"]
[Black "Rauschenbusch, U."]
[Result "1/2-1/2"]
[WhiteElo "1989"]
[BlackElo "1618"]
[Annotator "Schulenburg,Pit"]
[PlyCount "94"]
[EventDate "2015.??.??"]
[WhiteTeam "SV Eichlinghofen"]
[BlackTeam "FS 1898 Dortmund"]

1. e4 b6 2. d4 Bb7 3. Bd3 e6 4. Nf3 c5 5. Nc3 cxd4 6. Nxd4 Bb4 7. O-O Nf6 8.
Qe2 O-O 9. Bg5 Be7 10. Rad1 Nc6 11. Nxc6 Bxc6 12. e5 Nd5 13. Bxe7 Qxe7 14. Nxd5
Bxd5 15. c4 Bb7 16. Bb1 f6 17. Qd3 f5 18. Qxd7 Rf7 19. Qxe7 Rxe7 20. a3 Rc8 21.
Ba2 g5 22. Rd6 Ba6 23. b3 Kf7 24. Rfd1 Rc5 25. Re1 Ra5 26. a4 b5 27. cxb5 Bxb5
28. Bb1 Bd7 29. g4 Kg7 30. h3 Rc5 31. Kh2 Rc3 32. Rd3 Rc5 33. Kg3 f4+ 34. Kh2
Bc6 35. h4 gxh4 36. Kh3 Rb7 37. Kxh4 Bd5 38. Red1 a5 {(=)} 39. Kg5 h6+ 40. Kxf4
Rb4+ 41. Kg3 Rc7 42. f4 Rxb3 43. f5 Rcc3 44. Rxc3 Rxc3+ 45. Kf2 Kf7 46. Rd2 Rc4
47. Kg3 Rxa4 {(=)} 1/2-1/2

[Event "69. BEM 2015"]
[Site "Dortmund"]
[Date "2015.03.09"]
[Round "4.6"]
[White "Brendemühl, Bernd"]
[Black "Raskin, Vitali"]
[Result "0-1"]
[WhiteElo "1894"]
[BlackElo "1610"]
[PlyCount "106"]
[EventDate "2015.??.??"]
[WhiteTeam "FS 1898 Dortmund"]
[BlackTeam "FS 1898 Dortmund"]

1. e4 e5 2. Nf3 Nc6 3. Bb5 Nf6 4. O-O d6 5. Re1 a6 6. Ba4 b5 7. Bb3 Na5 8. c3
Nxb3 9. axb3 Bb7 10. Qc2 c5 11. d4 cxd4 12. cxd4 Rc8 13. Qd3 Bxe4 14. Qe2 Bxf3
15. Qxf3 e4 16. Nc3 d5 17. Bg5 Be7 18. Qf5 Rc6 19. Bxf6 Rxf6 20. Qxd5 O-O 21.
Qxd8 Rxd8 22. Rxe4 Bf8 23. g3 Rfd6 24. d5 g6 25. Rae1 f5 26. Re8 Rxe8 27. Rxe8
Kf7 28. Rb8 h6 29. Rb7+ Kf6 30. f4 g5 31. Kf2 gxf4 32. gxf4 Kg6 33. Ke3 Bg7 34.
Rc7 b4 35. Rc6 Bf8 36. Ne2 Kf7 37. Rxd6 Bxd6 38. Nd4 Kg6 39. Nc6 Kf6 40. h3
Bc5+ 41. Kd3 Bd6 42. Kc4 Bxf4 43. Nxb4 a5 44. Nc6 Bd2 45. Nd4 Bb4 46. Nf3 f4
47. Kd4 Kf5 48. Ne5 Bd6 49. Nc4 Bc7 50. d6 Bd8 51. Ne5 Bf6 52. d7 Bxe5+ 53. Kd3
Bc7 0-1